| 000 | 00693cam a22001814a 4500 | ||
|---|---|---|---|
| 005 | 20250605164354.0 | ||
| 008 | 250528s ||||||||||||||||||||||||d | ||
| 035 | _a24237 | ||
| 040 |
_aGR-AtMCL _bgre _dGR-AtMCL _eAACR2 |
||
| 245 | 1 | _aThe Road to Equality / What Can the Urban Mobility Sector Do to Boost the Representation of Women Across the Workforce? | |
| 260 |
_bIntelligent Transport, _c2019 |
||
| 300 | _a48 | ||
| 520 | _aNMIP and the Plan to Unify Nordic Mobility, Improving Connectivity in India's National Capital Region, Wearables in Transport and the Future of Accessibility?. | ||
| 700 | 1 |
_aAntoniou Luke _99429 |
|
| 942 | _cCR | ||
| 999 |
_c9129 _d9129 |
||